Singularidades : un manifiesto a favor de la ciencia territorial popular hecha en la praxis decolonial y contrahegemónica /
সংরক্ষণ করুন:
| প্রধান লেখক: | |
|---|---|
| অন্যান্য লেখক: | , |
| বিন্যাস: | বৈদ্যুতিন গ্রন্থ |
| ভাষা: | স্প্যানিশ |
| প্রকাশিত: |
Quito :
Ediciones Abya-Yala,
2024.
|
| বিষয়গুলি: | |
| অনলাইন ব্যবহার করুন: | https://elibro.unach.elogim.com/es/lc/unach/titulos/288454 |
| ট্যাগগুলো: |
ট্যাগ যুক্ত করুন
কোনো ট্যাগ নেই, প্রথমজন হিসাবে ট্যাগ করুন!
|
MARC
| LEADER | 00000nam a2200000 i 4500 | ||
|---|---|---|---|
| 001 | ELB288454 | ||
| 003 | FINmELB | ||
| 005 | 20251022103933.0 | ||
| 006 | m o u | ||
| 007 | cr cn||||||||| | ||
| 008 | 251022s2024 ec o 000 0 spa d | ||
| 020 | |z 9789942460387 | ||
| 020 | |a 9789942460400 |q (e-book) | ||
| 035 | |a (OCoLC)1553197718 | ||
| 040 | |a FINmELB |b spa |e rda |c FINmELB | ||
| 050 | 4 | |a HT166 |b S242 2024 | |
| 080 | |a 711 | ||
| 082 | 0 | 4 | |a 711.4 |2 23 |
| 100 | 1 | |a Saquet, Marcos Aurelio, |e autor. | |
| 245 | 1 | 0 | |a Singularidades : |b un manifiesto a favor de la ciencia territorial popular hecha en la praxis decolonial y contrahegemónica / |c Marcos Aurelio Saquet ; traducción Saúl Uribe Taborda y Holger Díaz Salazar. |
| 264 | 1 | |a Quito : |b Ediciones Abya-Yala, |c 2024. | |
| 300 | |a 1 recurso en línea (137 páginas) | ||
| 336 | |a texto |b txt |2 rdamedia/spa | ||
| 337 | |a computadora |b c |2 rdamedia/spa | ||
| 338 | |a recurso en línea |b cr |2 rdacarrier/spa | ||
| 588 | |a Descripción basada en metadatos suministrados por el editor y otras fuentes. | ||
| 590 | |a Recurso electrónico. Santa Fe, Arg.: elibro, 2025. Disponible vía World Wide Web. El acceso puede estar limitado para las bibliotecas afiliadas a elibro. | ||
| 650 | 4 | |a Urbanismo. | |
| 650 | 4 | |a Globalización. | |
| 655 | 4 | |a Libros electrónicos. | |
| 700 | 1 | |a Uribe Taborda, Saúl, |e traductor. | |
| 700 | 1 | |a Díaz Salazar, Holger, |e traductor. | |
| 797 | 2 | |a elibro, Corp. | |
| 856 | 4 | 0 | |u https://elibro.unach.elogim.com/es/lc/unach/titulos/288454 |